| 000 | 00919nas a2200301 4500 | ||
|---|---|---|---|
| 001 | BR0204660 | ||
| 003 | BR-BrBNA | ||
| 005 | 20231205103234.0 | ||
| 007 | ta | ||
| 008 | 230509b bl.|||p| |||| 00| 00por d | ||
| 040 |
_aBR-BrBNA _bpor _cBiblioteca Nacional de Agricultura |
||
| 041 | _a(Pt) | ||
| 072 | _aK10 | ||
| 100 | 1 | _aShneider, P.R. | |
| 100 | 1 | _aFinger, C.A.G. | |
| 100 | 1 | _aHoppe, J.M. | |
| 245 | 1 | _aEfeito da intensidade de desrama na produção de Pinus elliottii Engelm., implantado em solo pobre, no Estado do Rio Grande do Sul | |
| 650 | _aPINHEIRO | ||
| 650 | _aPRODUÇÃO FLORESTAL | ||
| 650 | _aRAMO | ||
| 650 | _aCORTE | ||
| 650 | _aDIÂMETRO | ||
| 650 | _aANÁLISE ESTATÍSTICA | ||
| 650 | _aRIO GRANDE DO SUL | ||
| 773 | 0 |
_tCiência Florestal (Brazil) _xISSN 0103-9954 _g(Jun 1999), v. 9(1) p. 35-46 _wBR0204660 |
|
| 909 |
_a202311 _bLúcia _c55 _dLúcia Elande |
||
| 942 |
_2AGRIS _n0 _cANA |
||
| 999 |
_c171829 _d171829 |
||